Essentials of maternal-newborn nursing/ (Record no. 14674)

000 -LEADER
fixed length control field 00741nam a22002177a 4500
008 - FIXED-LENGTH DATA ELEMENTS--GENERAL INFORMATION
fixed length control field 161007b xxu||||| |||| 00| 0 eng d
020 ## - INTERNATIONAL STANDARD BOOK NUMBER
International Standard Book Number 020112680
050 ## - LIBRARY OF CONGRESS CALL NUMBER
Classification number RG 951 .L33 1986
100 ## - MAIN ENTRY--PERSONAL NAME
Personal name Ladewig,Patricia A.
245 ## - TITLE STATEMENT
Title Essentials of maternal-newborn nursing/
Statement of responsibility, etc. Patricia A.Ladewig ,Marcia L. London and Sally B.Olds
260 ## - PUBLICATION, DISTRIBUTION, ETC. (IMPRINT)
Place of publication, distribution, etc. Menlo Park, California :
Name of publisher, distributor, etc. Addison-Wesley,
Date of publication, distribution, etc. c1986
300 ## - PHYSICAL DESCRIPTION
Extent xx, 692p. :
Other physical details ill. ;
Dimensions 27cm
500 ## - GENERAL NOTE
General note Includes index.
650 ## - SUBJECT ADDED ENTRY--TOPICAL TERM
Topical term or geographic name as entry element Obstetrical nursing
650 ## - SUBJECT ADDED ENTRY--TOPICAL TERM
Topical term or geographic name as entry element Infants
General subdivision Diseases
Chronological subdivision Diagnosis
650 ## - SUBJECT ADDED ENTRY--TOPICAL TERM
Topical term or geographic name as entry element Infants
General subdivision Family Relationships
650 ## - SUBJECT ADDED ENTRY--TOPICAL TERM
Topical term or geographic name as entry element Pediatric nursing
700 ## - ADDED ENTRY--PERSONAL NAME
Personal name London,Marcia L.
700 ## - ADDED ENTRY--PERSONAL NAME
Personal name Olds,Sally B.
942 ## - ADDED ENTRY ELEMENTS (KOHA)
Source of classification or shelving scheme
Koha item type Hard Covered Materials
Classification part RG 951 .L33 1986
Holdings
Withdrawn status Lost status Source of classification or shelving scheme Damaged status Not for loan Home library Current library Shelving location Date acquired Source of acquisition Total Checkouts Full call number Barcode Date last seen Price effective from Koha item type
          MACHAKOS UNIVERSITY LIBRARY MACHAKOS UNIVERSITY LIBRARY Open shelf 07/10/2016 Donation(BFA)   RG 951 .L33 1986 26299 07/10/2016 07/10/2016 Hard Covered Materials
© Machakos University Library, Along The Highway, Machakos Wote Rd, Machakos, Kenya P.O. Box 136 - 90100 Machakos - Kenya

Tel: ( +254 ) 723 805829 OR Fax : 044-20353 OR Email: library@mksu.ac.ke